000 00651nam a2200229 a 4500
999 _c10820
_d10820
001 10820
003 BD-JhCC
005 20221107134024.0
008 190513b20012007bg |||| ||a| 000 0 ben d
020 _a98481601380
035 _a(BD-JhCC)10820
040 _aBD-JhCC
_dBD-JhCC
041 _aben
082 _a891.443
_bAHM 2007
100 _aআহমেদ, হুমায়ূন
245 _aমৃন্ময়ী /
_bহুমায়ূন আহমেদ
260 _aঢাকা ,
_bঅন্যপ্রকাশ ;
_c2007.
300 _a111 p. :
_c22 cm.
650 _abengli Novel.
942 _2ddc
_cBK
_031